| 000 | 01128nam a22003377a 4500 | ||
|---|---|---|---|
| 003 | CHAP | ||
| 005 | 20220817041506.0 | ||
| 008 | 971013s1977 r 00010 d | ||
| 010 | _a16022 | ||
| 011 | _a16994 | ||
| 035 | _a21076 | ||
| 040 | _cCHAP | ||
| 090 | _aTesis | ||
| 100 | 0 | 0 |
_aGuillén López, Rogelio. _951393 |
| 245 | _aEstudio bibliográfico de la parasitología en cerdos de México | ||
| 260 |
_aMéxico, D.F., : _bEl autor, _c1977 |
||
| 300 | _a72 h | ||
| 502 | _aTesis (Médico Veterinario Zootecnista) -- UNAM. Fac. de Medicina Veterinaria y Zootecnia | ||
| 590 |
_aALEPH _b10 _c20130110 _lUCH01 _h1238 |
||
| 590 |
_aBATCH-UPD _b10 _c20130109 _lUCH01 _h2314 |
||
| 590 |
_aBATCH-UPD _b10 _c20130110 _lUCH01 _h2331 |
||
| 590 |
_aBATCH-UPD _b10 _c20130409 _lUCH01 _h1833 |
||
| 590 |
_aBATCH-UPD _b10 _c20130410 _lUCH01 _h1620 |
||
| 590 |
_aBATCH-UPD _b10 _c20130914 _lUCH01 _h1504 |
||
| 590 |
_aCONVERSION _b10 _c20130109 _lUCH01 _h1310 |
||
| 650 | 1 | 4 |
_aGanado porcino _xParásitos. |
| 650 | 1 | 4 |
_aGanado _xParásitos _xBibliografía. _944940 |
| 901 | _aBK | ||
| 942 | _cTESIS | ||
| 949 |
_bBC _cTES _d-49147 _eTS1 _i21076 _si |
||
| 999 |
_c16022 _d16022 |
||